|
|
|
|
| LEADER |
00000nam a22000007a 4500 |
| 005 |
20160518154738.0 |
| 007 |
cr|||| ||u| |
| 008 |
160518s2015 spa||||| |||| 00||0 spa d |
| 020 |
|
|
|a 978-84-944426-6-7
|
| 035 |
|
|
|a 14218
|
| 040 |
|
|
|a vLex
|
| 090 |
|
|
|c 6081
|d 6081
|
| 100 |
1 |
|
|a Carlos Lp̤ez Rueda, Francisco
|
| 245 |
1 |
3 |
|a La Responsabilidad del Porteador y de las Partes Ejecutantes en las Reglas de Rotterdam
|h [Recurso electrn̤ico] /
|c Francisco Carlos Lp̤ez Rueda
|
| 256 |
|
|
|a Servicio en ln̕ea
|
| 260 |
|
|
|a Barcelona
|b J.M. Bosch Editor
|c 2015
|
| 300 |
|
|
|a 1 recurso electrn̤ico
|
| 506 |
1 |
|
|a Contenido solo disponible en los productos indicados
|d vLex Global
|d vLex Global (Academic Edition, excluding Law Schools)
|d vLex Global (U.S. Academic Edition, Law Schools)
|d vLex Global (U.S. Academic Edition, excluding Law Schools)
|d vLex Global (Academic Edition, Law Schools)
|
| 650 |
0 |
4 |
|a Derecho
|z Barcelona
|
| 740 |
0 |
|
|a vLex libros (servicio en ln̕ea)
|
| 856 |
4 |
0 |
|u http://vlex.com/source/responsabilidad-porteador-partes-ejecutantes-reglas-rotterdam-14218
|z Acceso restringido
|
| 942 |
|
|
|c BOOK
|
| 999 |
0 |
|
|a Law
|b Barcelona
|